Epidemiology kept simple : (Record no. 30284)

000 -LEADER
fixed length control field 01953cam a2200337 a 4500
001 - CONTROL NUMBER
control field 17464683
005 - DATE AND TIME OF LATEST TRANSACTION
control field 20190509110447.0
008 - FIXED-LENGTH DATA ELEMENTS--GENERAL INFORMATION
fixed length control field 120913s2013 enk b 001 0 eng
010 ## - LIBRARY OF CONGRESS CONTROL NUMBER
LC control number 2012037293
020 ## - INTERNATIONAL STANDARD BOOK NUMBER
International Standard Book Number 9781444336085 (pbk.)
035 ## - SYSTEM CONTROL NUMBER
System control number (DNLM)101592122
040 ## - CATALOGING SOURCE
Original cataloging agency DNLM/DLC
Transcribing agency DLC
Modifying agency DLC
042 ## - AUTHENTICATION CODE
Authentication code pcc
050 00 - LIBRARY OF CONGRESS CALL NUMBER
Classification number RA651
Item number G47 2013
100 1# - MAIN ENTRY--PERSONAL NAME
Personal name Gerstman, B. Burt.
245 10 - TITLE STATEMENT
Title Epidemiology kept simple :
Remainder of title an introduction to traditional and modern epidemiology /
Statement of responsibility, etc. B. Burt Gerstman.
250 ## - EDITION STATEMENT
Edition statement 3rd ed.
260 ## - PUBLICATION, DISTRIBUTION, ETC. (IMPRINT)
Place of publication, distribution, etc. Chichester, West Sussex :
Name of publisher, distributor, etc. John Wiley & Sons,
Date of publication, distribution, etc. 2013.
300 ## - PHYSICAL DESCRIPTION
Extent xvi, 461 p. :
Other physical details ill. ;
Dimensions 25 cm.
504 ## - BIBLIOGRAPHY, ETC. NOTE
Bibliography, etc Includes bibliographical references and index.
650 12 - SUBJECT ADDED ENTRY--TOPICAL TERM
Topical term or geographic name as entry element Epidemiology.
650 22 - SUBJECT ADDED ENTRY--TOPICAL TERM
Topical term or geographic name as entry element Epidemiologic Methods.
776 08 - ADDITIONAL PHYSICAL FORM ENTRY
Relationship information E-book version:
Main entry heading Gerstman, B. Burt.
Title Epidemiology kept simple
Edition 3rd ed.
Place, publisher, and date of publication Chichester, West Sussex : John Wiley & Sons, 2013
International Standard Book Number 9781118525401
Record control number (DLC) 2012038421
906 ## - LOCAL DATA ELEMENT F, LDF (RLIN)
a 7
b cbc
c orignew
d 1
e ecip
f 20
g y-gencatlg
942 ## - ADDED ENTRY ELEMENTS (KOHA)
Source of classification or shelving scheme
Koha item type Hard Covered Materials
Classification part RA 651 .G47 2013
Holdings
Withdrawn status Lost status Source of classification or shelving scheme Damaged status Not for loan Home library Current library Shelving location Date acquired Source of acquisition Cost, normal purchase price Total Checkouts Full call number Barcode Date last seen Date last checked out Price effective from Koha item type
          MACHAKOS UNIVERSITY LIBRARY MACHAKOS UNIVERSITY LIBRARY Open shelf 09/05/2019 Purchase(corporate campus) 6214.00 3 RA 651 .G47 2013 38703 05/05/2026 08/04/2022 09/05/2019 Hard Covered Materials
© Machakos University Library, Along The Highway, Machakos Wote Rd, Machakos, Kenya P.O. Box 136 - 90100 Machakos - Kenya

Tel: ( +254 ) 723 805829 OR Fax : 044-20353 OR Email: library@mksu.ac.ke